书目信息 |
| 题名: |
萨特传
|
|
| 作者: | 西蒙娜·德·波伏尔 著 | |
| 分册: | ||
| 出版信息: | 南昌 百花洲文艺出版社 1996 |
|
| 页数: | 514页 | |
| 开本: | 32开 | |
| 丛书名: | ||
| 单 册: | ||
| 中图分类: | B565.53 | |
| 科图分类: | ||
| 主题词: | 哲学--欧洲 , 人物传记 | |
| 电子资源: | ||
| ISBN: | 7-80579-737-4 | |
| 000 | 00632nam0 2200217 45 | |
| 001 | 0105100923 | |
| 005 | 20031219104049.5 | |
| 010 | @a7-80579-737-4@b精装@dCNY26.00 | |
| 100 | @a20010510d1996 km y0chiy0120 ea | |
| 101 | 0 | @achi@cfre |
| 105 | @a z 000yy | |
| 200 | 1 | @a萨特传@ASa Te Chuan@f(法)西蒙娜·德· 波伏尔著@F(Fa)Xi Meng Na·De·BoFu Er Zhu |
| 210 | @a南昌@c百花洲文艺出版社@d1996 | |
| 215 | @a514页@d32开 | |
| 600 | 0 | @a萨特@x传记 |
| 606 | 0 | @a哲学@x欧洲 |
| 606 | 0 | @a人物传记 |
| 690 | @aB565.53@v4 | |
| 701 | @a西蒙娜·德·波伏尔@4著 | |
| 801 | @aCN@bTSTC@c20011017 | |
| 905 | @a213230@b296824-826@dB565.53@e27@f3 | |
| 萨特传/(法)西蒙娜·德· 波伏尔著.-南昌:百花洲文艺出版社,1996 |
| 514页;32开 |
| ISBN 7-80579-737-4(精装):CNY26.00 |
| ● |
| 相关链接 |
|
|
|
|
正题名:萨特传
索取号:B565.53/27
 
预约/预借
| 序号 | 登录号 | 条形码 | 馆藏地/架位号 | 状态 | 备注 |
| 1 | 0296824 | 002968248 | 第一借阅区/ [索取号:B565.53/27] | 在馆 | |
| 2 | 0296825 | 002968257 | 第一借阅区/ [索取号:B565.53/27] | 在馆 | |
| 3 | 0296826 | 002968266 | 第一样本阅览室/ [索取号:B565.53/27] | 在馆 |